Detalles MARC
| 000 -CABECERA |
| Longitud fija campo de control |
01581nam a2200397 c 4500 |
| 001 - NÚMERO DE CONTROL |
| Número de control |
14582 |
| 003 - IDENTIFICADOR DE NÚMERO DE CONTROL |
| Identificador del número de control |
ES-MaCES |
| 005 - FECHA Y HORA DE LA ÚLTIMA TRANSACCIÓN |
| Fecha y hora de la última transacción |
20141221122321.0 |
| 008 - CAMPO FIJO DE DESCRIPCIÓN FIJA--INFORMACIÓN GENERAL |
| Códigos de información de longitud fija |
030213s2001 sp t 100 | spa d |
| 017 ## - NÚMERO DE REGISTRO DE DERECHOS DE AUTOR Y DEPÓSITO LEGAL |
| Número de copyright o de depósito legal |
BI 50-2002 |
| Agencia que asigna el número |
DL |
| 020 ## - ISBN (INTERNATIONAL STANDARD BOOK NUMBER) |
| Número Internacional Normalizado para Libros (ISBN) |
847485783X |
| 035 ## - NÚMERO DE CONTROL DEL SISTEMA |
| Número de control del sistema |
CES20030000943m |
| 040 ## - FUENTE DE CATALOGACIÓN |
| Centro catalogador de origen |
ES-MaCES |
| Lengua de catalogación |
spa |
| Centro transcriptor |
ES-MaCES |
| 041 1# - CÓDIGO DE IDIOMA |
| Código de lengua del texto;banda sonora o título independiente |
spa |
| Código de lengua original |
eng |
| 245 00 - MENCIÓN DE TÍTULO |
| Título |
Identidades culturales y minorías étnicas en Europa |
| Mención de responsabilidad, etc. |
[editado por] David Turton, Julia González Ferreras |
| 260 ## - PUBLICACIÓN, DISTRIBUCIÓN, ETC (PIE DE IMPRENTA) |
| Lugar de publicación, distribución, etc. |
Bilbao |
| Nombre del editor, distribuidor, etc. |
Universidad de Deusto |
| Fecha de publicación, distribución, etc. |
2001 |
| 300 ## - DESCRIPCIÓN FÍSICA |
| Extensión |
109 p. |
| Dimensiones |
22 cm |
| 500 ## - NOTA GENERAL |
| Nota general |
Traducción de: Cultural identities and ethnic minorities in Europe |
| 500 ## - NOTA GENERAL |
| Nota general |
Esta publ. surge de una Conferencia que se celebró en la Universidad de Deusto, en 1998, dentro del marco de la denominada "HumanitarianNet", Red temática sobre sobre estudios de desarrollo humanitario = Thematic network on humanitarian development studies |
| 541 ## - NOTA DE LA FUENTE INMEDIANTE DE ADQUISICIÓN |
| Forma de adquisición |
Compra |
| 650 #4 - ASIENTO SECUNDARIO DE MATERIA--TÉRMINO DE MATERIA |
| Término de materia o nombre geográfico como elemento inicial |
identidad cultural |
| 9 (RLIN) |
29870 |
| 650 #4 - ASIENTO SECUNDARIO DE MATERIA--TÉRMINO DE MATERIA |
| Término de materia o nombre geográfico como elemento inicial |
grupo étnico |
| 9 (RLIN) |
28524 |
| 650 #4 - ASIENTO SECUNDARIO DE MATERIA--TÉRMINO DE MATERIA |
| Término de materia o nombre geográfico como elemento inicial |
grupo minoritario |
| 9 (RLIN) |
27311 |
| 650 #4 - ASIENTO SECUNDARIO DE MATERIA--TÉRMINO DE MATERIA |
| Término de materia o nombre geográfico como elemento inicial |
integración social |
| 9 (RLIN) |
27283 |
| 650 #4 - ASIENTO SECUNDARIO DE MATERIA--TÉRMINO DE MATERIA |
| Término de materia o nombre geográfico como elemento inicial |
Europa |
| 9 (RLIN) |
26940 |
| 650 #4 - ASIENTO SECUNDARIO DE MATERIA--TÉRMINO DE MATERIA |
| Término de materia o nombre geográfico como elemento inicial |
estudio de casos |
| 9 (RLIN) |
28846 |
| 650 #4 - ASIENTO SECUNDARIO DE MATERIA--TÉRMINO DE MATERIA |
| Término de materia o nombre geográfico como elemento inicial |
análisis transcultural |
| 9 (RLIN) |
27258 |
| 653 10 - TÉRMINO DE INDEXACIÓN--NO CONTROLADO |
| Término no controlado |
Ciencias Sociales-Políticas |
| 700 1# - ENCABEZAMIENTO SECUNDARIO--NOMBRE PERSONAL |
| Nombre de persona |
Turton, David |
| Término indicativo de función |
ed. lit. |
| 9 (RLIN) |
25272 |
| 700 1# - ENCABEZAMIENTO SECUNDARIO--NOMBRE PERSONAL |
| Nombre de persona |
González Ferreras, Julia |
| Término indicativo de función |
ed. lit. |
| 9 (RLIN) |
13806 |
| 710 2# - ENCABEZAMIENTO SECUNDARIO--NOMBRE CORPORATIVO |
| Nombre de entidad o nombre de jurisdicción como elemento inicial |
Universidad de Deusto |
| Término indicativo de función |
ed. |
| 9 (RLIN) |
5271 |
| 740 02 - ENCABEZAMIENTO SECUNDARIO--TÍTULO ANALÍTICO/RELACIONADO NO CONTROLADO |
| Título relacionado o analítico no controlado |
Cultural identities and ethnic minorities in Europe |
| 902 ## - CES. TIPO DE DOCUMENTO |
| Tipodoc (006$c Sirtex) |
LIB Libro |
| 942 ## - ELEMENTOS KOHA |
| Fuente de clasificaión o esquema |
Clasificación propia del CES |
| Koha [por defecto] tipo de item |
Monografías |
| Parte de clasificación |
7.0. |